Boletn̕ Conceptos Jurd̕icos

Detalles Bibliográficos
Formato: eBook
Lenguaje:español
Publicado: Bogot:̀ Superintendencia Sociedades, 2015 -
Materias:
Acceso en línea:Acceso restringido

MARC

LEADER 00000nam a22000007a 4500
005 2020092207287.0
007 cr|||| ||||
008 200922c20159999co mr|w s|||| 0|||b1spa d
035 |a 32070 
040 |a vLex 
090 |c 10753  |d 10753 
245 0 0 |a Boletn̕ Conceptos Jurd̕icos  |h [Recurso electrn̤ico] / 
256 |a Servicio en ln̕ea 
260 |a Bogot:̀  |b Superintendencia Sociedades,  |c 2015 - 
300 |a 1 recurso electrn̤ico 
310 |a Mensual 
362 |a Nð 01-2015 (Ene. 2015) - 
506 1 |a Disponible solo en los productos indicados  |d vLex Global  |d vLex Global (Academic Edition, excluding Law Schools)  |d vLex Global (U.S. Academic Edition, Law Schools)  |d vLex Global (U.S. Academic Edition, excluding Law Schools)  |d vLex Global (Academic Edition, Law Schools) 
650 0 4 |a Derecho Mercantil y de la Empresa  |z Colombia 
740 0 |a vLex Revistas (Servicio en ln̕ea) 
856 4 0 |u http://vlex.com/source/boletin-conceptos-juridicos-32070  |z Acceso restringido 
942 |c REV 
999 0 |a Commercial and Company Law